000 00482nam a2200181Ia 4500
003 GCL
008 140319s9999 xx 000 0 eng d
040 _aGCL /
_cGCL
082 0 4 _aCC
_b050.941
_bS G
100 1 _aSADEK, A.F.
245 1 0 _aCOLLEECTION SCIENTIFIQUE GRAFFITI DE LA MONTAGE THEBAINE TOME 4\3 /
_cSADEK, A.F.
260 _a[S.N] :
_bCEDAE ،
_c1972
300 _a149-184 PP
650 0 4 _aEGYPTOLOGY
650 0 4 _aTHEBES
650 0 4 _aCOLLECTIONS
942 _2ddc
_cBK
999 _c17686
_d17686